000 00487nam a22001457a 4500
008 140521b xxu||||| |||| 00| 0 eng d
020 _a0854731547
050 _aLC1090.T253
100 _aPorter, Alex
_910454
245 _aTeaching Political Literacy
_bimplications for Teacher training and curriculum planning
_cAlex Porter
260 _aLondon
_bUniversity of London
_c1983
300 _a63p. ;
_c21cm.
650 _aPolitical Education
_zGreat Britain
_910455
942 _2lcc
_cMONOGRAPH
999 _c120568
_d120568